000 00293nam a2200133Ia 4500
100 _aLiggett
942 _cBK
654 _aTolerance
245 _aFund. of Position &tolerance
260 _bSociety of Manufacturing Engineers
_c2001
082 _a620
300 _a195
546 _aENGLISH
999 _c19469
_d19469